Revue des livres (notice n° 1937364)
[ vue normale ]
| 000 -LEADER | |
|---|---|
| fixed length control field | 00411cam a2200133 4500500 |
| 005 - DATE AND TIME OF LATEST TRANSACTION | |
| control field | 20260329025040.0 |
| 041 ## - LANGUAGE CODE | |
| Language code of text/sound track or separate title | fre |
| 042 ## - AUTHENTICATION CODE | |
| Authentication code | dc |
| 245 00 - TITLE STATEMENT | |
| Title | Revue des livres |
| 260 ## - PUBLICATION, DISTRIBUTION, ETC. | |
| Date of publication, distribution, etc. | 2005.<br/> |
| 500 ## - GENERAL NOTE | |
| General note | 1 |
| 786 0# - DATA SOURCE ENTRY | |
| Note | Revue d'économie politique | 115 | 4 | 2005-08-01 | p. 520-522 | 0373-2630 |
| 856 41 - ELECTRONIC LOCATION AND ACCESS | |
| Uniform Resource Identifier | <a href="https://shs.cairn.info/revue-d-economie-politique-2005-4-page-520?lang=fr&redirect-ssocas=7080">https://shs.cairn.info/revue-d-economie-politique-2005-4-page-520?lang=fr&redirect-ssocas=7080</a> |
Pas d'exemplaire disponible.




Réseaux sociaux